Central Library OPAC University of Rajshahi

Managerial accounting : (Record no. 77087)

MARC details
000 -LEADER
fixed length control field 00995nam a22003252a 4500
001 - CONTROL NUMBER
control field 77087
003 - CONTROL NUMBER IDENTIFIER
rucl marc code BD-RjUL
005 - DATE AND TIME OF LATEST TRANSACTION
control field 20211209082926.0
008 - FIXED-LENGTH DATA ELEMENTS--GENERAL INFORMATION
fixed length control field 200226s1983 nyua b 000 0 eng d
020 ## - INTERNATIONAL STANDARD BOOK NUMBER
International Standard Book Number 0471872466
035 ## - SYSTEM CONTROL NUMBER
System control number (BD-RjUL)77311
040 ## - CATALOGING SOURCE
Original cataloging agency DLC
Transcribing agency DLC
Modifying agency EQO
Language of cataloging eng
041 ## - LANGUAGE CODE
Language code of text/sound track or separate title eng
082 ## - DEWEY DECIMAL CLASSIFICATION NUMBER
Classification number 658.1511
Edition number 23
Author mark and year KOM 1983
092 ## - LOCALLY ASSIGNED DEWEY CALL NUMBER (OCLC)
Classification number D0503517369
100 1# - MAIN ENTRY--PERSONAL NAME
Personal name Korn, S. Winton.
9 (RLIN) 239703
245 10 - TITLE STATEMENT
Title Managerial accounting :
Remainder of title a short course for decision makers /
Statement of responsibility, etc. S. Winton Korn, Thomas Boyd
250 ## - EDITION STATEMENT
Edition statement 2nd ed
260 ## - PUBLICATION, DISTRIBUTION, ETC. (IMPRINT)
Place of publication, distribution, etc. New York :
Name of publisher, distributor, etc. Wiley,
Date of publication, distribution, etc. c1983
300 ## - PHYSICAL DESCRIPTION
Pagination 343 p. :
Illustrations ill. ;
Size 30 cm
490 1# - SERIES STATEMENT
Series statement Wiley professional development programs ;
504 ## - BIBLIOGRAPHY, ETC. NOTE
Bibliography, etc Includes bibliographies
650 #0 - SUBJECT ADDED ENTRY--TOPICAL TERM
Topical term or geographic name as entry element Managerial accounting.
9 (RLIN) 239704
700 1# - ADDED ENTRY--PERSONAL NAME
Personal name Boyd, Thomas.
Personal name Korn, S. Winton.
830 #0 - SERIES ADDED ENTRY--UNIFORM TITLE
Uniform title Wiley professional development programs
942 ## - ADDED ENTRY ELEMENTS (KOHA)
Source of classification or shelving scheme Dewey Decimal Classification
Koha item type Books
Holdings
Lost status Source of classification or shelving scheme Damaged status Not for loan Collection code Permanent Location Current Location Shelving location Date acquired Source of acquisition Cost, normal purchase price Total Checkouts Full call number Date last seen Copy number Koha item type
  Dewey Decimal Classification   Not For Loan Non-fiction Central Library, University of Rajshahi Central Library, University of Rajshahi Reading Room 09/12/2021 Tulip Enterprise , Dhaka 61.55   658.1511 KOM 1983 24/02/2020 C-1 Books
  Dewey Decimal Classification     Non-fiction Central Library, University of Rajshahi Central Library, University of Rajshahi   09/12/2021 Tulip Enterprise , Dhaka 61.55   658.1511 KOM 1983 24/02/2020 C-2 Books
  Dewey Decimal Classification     Non-fiction Central Library, University of Rajshahi Central Library, University of Rajshahi   09/12/2021 Tulip Enterprise , Dhaka 61.55   658.1511 KOM 1983 24/02/2020 C-3 Books
  Dewey Decimal Classification     Non-fiction Central Library, University of Rajshahi Central Library, University of Rajshahi   09/12/2021 Tulip Enterprise , Dhaka 61.55   658.1511 KOM 1983 24/02/2020 C-4 Books
  Dewey Decimal Classification     Non-fiction Central Library, University of Rajshahi Central Library, University of Rajshahi   09/12/2021 Tulip Enterprise , Dhaka 61.55   658.1511 KOM 1983 24/02/2020 C-5 Books
  Dewey Decimal Classification     Non-fiction Central Library, University of Rajshahi Central Library, University of Rajshahi   09/12/2021 Tulip Enterprise , Dhaka 61.55   658.1511 KOM 1983 24/02/2020 C-6 Books
  Dewey Decimal Classification     Non-fiction Central Library, University of Rajshahi Central Library, University of Rajshahi   09/12/2021 Tulip Enterprise , Dhaka 61.55   658.1511 KOM 1983 24/02/2020 C-7 Books